Từ điển vật lý Anh - Anh - Việt : Định nghĩa giải thích minh họa

保存先:
書誌詳細
第一著者: Hoàng, Thanh Toản
フォーマット: 図書
言語:Undetermined
出版事項: Hà Nội Giao thông Vận tải 2005
主題:
タグ: タグ追加
タグなし, このレコードへの初めてのタグを付けませんか!
Thư viện lưu trữ: Trung tâm Học liệu Trường Đại học Cần Thơ
LEADER 00619nam a2200217Ia 4500
001 CTU_96104
008 210402s9999 xx 000 0 und d
020 |c 130000 
082 |a 530.3 
082 |b T550 
100 |a Hoàng, Thanh Toản 
245 0 |a Từ điển vật lý Anh - Anh - Việt : 
245 0 |b Định nghĩa giải thích minh họa 
245 0 |c Hoàng Thanh Toản 
260 |a Hà Nội 
260 |b Giao thông Vận tải 
260 |c 2005 
650 |a Physics 
650 |x Terminology 
904 |i Năm 
980 |a Trung tâm Học liệu Trường Đại học Cần Thơ